000 00657nam a2200241Ia 4500
003 OSt
005 20220918223553.0
006 a|||||r|||| 00| 0
007 ta
008 220917b |||||||| |||| 00| 0 eng d
024 _a223,862
037 _cTextual
040 _aARTS
_cARTS
_beng
041 _2eng
_aeng
082 _aO152,3N15,2, 111N8;1
100 _aSahni Bhisham
245 0 _aMansion
_b Mayyadas ki marhi
260 _aNew Delhi
_bHarper Collins Publishers
_c1998
300 _a454p.
_ccm.
650 _aENGLISH LITERATURE
942 _hO152,3N15,2, 111N8;1
_cTEXL
_2CC
999 _c278839
_d278839